00446nam a2200181Ia 4500008004100000020001800041050001400059100001900073245002400092245004800116260001500164260001600179260000900195300001500204300002700219300001000246500000800256170918s9999 xx 000 0 und d a9780439753807 bD256 2003 aDavies, Nicola aSurprising sharks / cNicolas Debon ; illustrated by James Croft. aNew York : bScholastic, c2003 a29 pages : bcolored illustration ; c26cm. a710